Борьба с правонарушениями в сфере экономики: правовые, процессуальные и криминалистические проблемы (Запись № 13671169)

Подробности
000 -МАРКЕР
контрольное поле 04027nam0a2200433 4500
001 - ИДЕНТИФИКАТОР ЗАПИСИ
контрольное поле RU\NLR\BIBL_A\022498039
005 - ИДЕНТИФИКАТОР ВЕРСИИ
контрольное поле 20260420041541.0
010 ## - МЕЖДУНАРОДНЫЙ СТАНДАРТНЫЙ НОМЕР КНИГИ (ISBN)
Номер (ISBN) 978-5-7014-1148-5
Уточнения Новосибирский государственный университет экономики и управления
010 ## - МЕЖДУНАРОДНЫЙ СТАНДАРТНЫЙ НОМЕР КНИГИ (ISBN)
Номер (ISBN) 978-5-91246-233-7
Уточнения ФКОУ ВО Кузбасский институт ФСИН России
021 ## - НОМЕР ГОСУДАРСТВЕННОЙ РЕГИСТРАЦИИ
Код страны Российская Федерация
Номер КН-П-25-003208
Номер Листа государственной регистраци КН-П-25-0308
035 ## - ДРУГИЕ СИСТЕМНЫЕ НОМЕРА
Идентификатор записи (NLR Aleph) 022498039
100 ## - ДАННЫЕ ОБЩЕЙ ОБРАБОТКИ
Данные общей обработки 20250321d2024 k y0rusy50 ca
101 0# - ЯЗЫК РЕСУРСА
Язык текста, звукозаписи и т.д. русский
Язык резюме английский
102 ## - СТРАНА ПУБЛИКАЦИИ ИЛИ ПРОИЗВОДСТВА
Страна публикации Российская Федерация
105 ## - ПОЛЕ КОДИРОВАННЫХ ДАННЫХ: ТЕКСТОВЫЕ МАТЕРИАЛЫ, МОНОГРАФИЧЕСКИЕ
Кодированные данные о монографическом текстовом документе y z 100yy
181 #0 - ПОЛЕ КОДИРОВАННЫХ ДАННЫХ: ВИД СОДЕРЖАНИЯ
Код вида содержания (ISBD) i3
Код характеристики содержания (ISBD) axxe
182 #0 - ПОЛЕ КОДИРОВАННЫХ ДАННЫХ: ТИП СРЕДСТВА
Код типа средства (ISBD) n - непосредственное
200 1# - ЗАГЛАВИЕ И СВЕДЕНИЯ ОБ ОТВЕТСТВЕННОСТИ
Основное заглавие Борьба с правонарушениями в сфере экономики: правовые, процессуальные и криминалистические проблемы
Сведения, относящиеся к заглавию сборник материалов международной научно-практической конференции, г. Новосибирск, 15 мая 2024 г.
Первые сведения об ответственности VI Международный юридический форум "Право и экономика: национальный опыт и стратегии развития", Федеральное государственное бюджетное образовательное учреждение высшего образования "Новосибирский государственный университет экономики и управления "НИНХ", Федеральное казенное образовательное учреждение высшего образования "Кузбасский институт Федеральной службы исполнения наказаний"
Последующие сведения об ответственности ответственный редактор: кандидат юридических наук, доцент Н. И. Верченко
203 ## - ВИД СОДЕРЖАНИЯ И ТИП СРЕДСТВА
Вид содержания Текст
Дополнительные сведения об издании визуальный
Тип средства непосредственный
210 ## - ПУБЛИКАЦИЯ, РАСПРОСТРАНЕНИЕ И ДР.
Место издания, распространения и т.д. Новосибирск
Имя издателя, распространителя и т. д. Новосибирский государственный университет экономики и управления
-- ФКОУ ВО Кузбасский институт ФСИН России
Дата издания, распространения и т.д. 2024
215 ## - ФИЗИЧЕСКАЯ ХАРАКТЕРИСТИКА
Специфическое обозначение материала и объем 173 с.
Размеры 21
300 ## - ОБЩИЕ ПРИМЕЧАНИЯ
Текст примечания Рез. англ.
320 ## - ПРИМЕЧАНИЯ О НАЛИЧИИ В ДОКУМЕНТЕ БИБЛИОГРАФИИ / УКАЗАТЕЛЯ
Текст примечания Библиогр. в конце ст.
606 1# - НАИМЕНОВАНИЕ ТЕМЫ КАК ПРЕДМЕТ
Наименование темы Преступления в сфере экономики
Формальный подзаголовок Съезды, совещания и т.п
Тематический подзаголовок Борьба с ними
Географический подзаголовок Российская Федерация
Системный номер авторитетной/нормативной записи 2141379
Идентификатор авторитетной/нормативной записи RU\NLR\AUTH\661290616
686 1# - ИНДЕКСЫ ДРУГИХ КЛАССИФИКАЦИЙ
Индекс Х628.322.16я431
686 1# - ИНДЕКСЫ ДРУГИХ КЛАССИФИКАЦИЙ
Индекс Х621.033.2я431
702 #1 - ИМЯ ЛИЦА - ВТОРИЧНАЯ ОТВЕТСТВЕННОСТЬ
Начальный элемент ввода Верченко
Часть имени, кроме начального элемента ввода Н. И.
Расширение инициалов личного имени Надежда Игоревна
Код отношения Редактор
711 12 - НАИМЕНОВАНИЕ ОРГАНИЗАЦИИ - АЛЬТЕРНАТИВНАЯ ОТВЕТСТВЕННОСТЬ
Начальный элемент ввода "Борьба с правонарушениями в сфере экономики: правовые, процессуальные и криминалистические проблемы", международная научно-практическая конференция
Место проведения временной организации Новосибирск
Дата проведения временной организации 2024
Системный номер авторитетной/нормативной записи 2657900
Идентификатор авторитетной/нормативной записи RU\NLR\AUTH\880625532
711 12 - НАИМЕНОВАНИЕ ОРГАНИЗАЦИИ - АЛЬТЕРНАТИВНАЯ ОТВЕТСТВЕННОСТЬ
Начальный элемент ввода "Право и экономика: национальный опыт и стратегии развития", международный юридический форум
Порядковый номер временной организации и / или порядковый номер ее части 6
Место проведения временной организации Новосибирск
Дата проведения временной организации 2024
Системный номер авторитетной/нормативной записи 2657862
Идентификатор авторитетной/нормативной записи RU\NLR\AUTH\880625494
712 02 - НАИМЕНОВАНИЕ ОРГАНИЗАЦИИ - ВТОРИЧНАЯ ОТВЕТСТВЕННОСТЬ
Код отношения Издающая организация
Начальный элемент ввода Новосибирский государственный университет экономики и управления
Системный номер авторитетной/нормативной записи 625628
Идентификатор авторитетной/нормативной записи RU\NLR\AUTH\8810062063
856 4# - МЕСТОНАХОЖДЕНИЕ ЭЛЕКТРОННЫХ РЕСУРОВ И ДОСТУП К НИМ
Имя пользователя (logon/login) VNP_SKP
Эмуляция терминала (Terminal emulation) VIEW
Универсальный идентификатор ресурса (Uniform Resource Identifier) https://webservices.nlr.ru/viewer/file?name=a022498039_002.txt
Тип доступа (Access method) Аннотация
856 41 - МЕСТОНАХОЖДЕНИЕ ЭЛЕКТРОННЫХ РЕСУРОВ И ДОСТУП К НИМ
Имя пользователя (logon/login) VNP_SKP
Эмуляция терминала (Terminal emulation) VIEW
Универсальный идентификатор ресурса (Uniform Resource Identifier) https://webservices.nlr.ru/viewer/file?name=t022498039_001.jpg
Тип доступа (Access method) Обложка
942 ## - ДОПОЛНИТЕЛЬНЫЕ ЭЛЕМЕНТЫ ЗАПИСИ (АБИС)
Тип экземпляра АБИС Книга
980 4# - КОЛЛЕКЦИЯ
Название коллекции
980 ## - КОЛЛЕКЦИЯ
Название коллекции Национальная библиография

Нет доступных экземпляров.